[Event "RUS-chT Clubs sf"]
[Site "Cheliabinsk"]
[Date "2005.01.??"]
[Round "5"]
[White "Lavrov, S."]
[Black "Konnov, Oleg"]
[Result "1-0"]
[WhiteElo "2451"]
[BlackElo "2325"]
[PlyCount "61"]
[EventDate "2005.01.??"]
[EventType "team"]
[EventRounds "9"]
[EventCountry "RUS"]
[SourceTitle "EXT 2006"]
[Source "ChessBase"]
[SourceDate "2005.11.24"]
[SourceVersion "1"]
[SourceVersionDate "2005.11.24"]
[SourceQuality "1"]

1. d4 d5 2. c4 e6 3. Nc3 c6 4. Nf3 dxc4 5. a4 Bb4 6. e3 b5 7. Bd2 a5 8. axb5 Bxc3 9. Bxc3 cxb5 10. b3 Bb7 11. bxc4 b4 12. Bb2 Nf6 13. Bd3 Nbd7 14. 0-0 0-0 15. Re1 Re8 16. e4 e5 17. c5 Qc7 18. Rc1 exd4 19. c6 Bxc6 20. Bb5 Nb8 21. Nxd4 Rd8 22. Qf3 Bxe4 23. Rxe4 Qb6 24. Re7 Ra7 25. Rxa7 Qxa7 26. Nf5 Qb6 27. Ba4 Qe6 28. g4 Qa2 29. Nh6+ Kf8 30. Bxf6 gxf6 31. Qxf6 1-0

[Event "RUS-Cup01"]
[Site "Tomsk"]
[Date "2003.07.10"]
[Round "7"]
[White "Pridorozhni, Aleksei"]
[Black "Lavrov, S."]
[Result "1-0"]
[WhiteElo "2485"]
[BlackElo "2414"]
[PlyCount "121"]
[EventDate "2003.07.04"]
[EventType "swiss"]
[EventRounds "9"]
[EventCountry "RUS"]
[SourceTitle "CBM 095 Extra"]
[Source "ChessBase"]
[SourceDate "2003.09.04"]
[SourceVersion "1"]
[SourceVersionDate "2003.09.04"]
[SourceQuality "1"]

1. e4 e6 2. d4 d5 3. Nd2 a6 4. Ngf3 c5 5. exd5 exd5 6. dxc5 Bxc5 7. Nb3 Ba7 8. Bd3 Qe7+ 9. Qe2 Nc6 10. Bg5 f6 11. Bd2 Bg4 12. 0-0 Qxe2 13. Bxe2 Nge7 14. h3 Bf5 15. c3 Kf7 16. Rfe1 Rhe8 17. Rad1 Bc2 18. Rc1 Be4 19. Bf4 Ng6 20. Bd6 Nce5 21. Nxe5+ fxe5 22. Bc5 Nf4 23. Bf1 b5 24. g3 Ne6 25. Bxa7 Rxa7 26. h4 Rc7 27. f3 Bxf3 28. Rxe5 Be4 29. Bh3 Kf6 30. Rxe6+ Rxe6 31. Rf1+ Ke7 32. Bxe6 Kxe6 33. Nd4+ Ke7 34. Kf2 Rb7 35. Ke3 Rb6 36. g4 h6 37. b4 Rb7 38. Nb3 Rc7 39. Nc5 a5 40. a3 a4 41. Kd4 Bg2 42. Rg1 Be4 43. Ke5 Rc6 44. Re1 Rf6 45. Kd4 Rf3 46. Nxe4 dxe4 47. Kxe4 Rh3 48. Re3 Rxh4 49. Kd5+ Kd7 50. Kc5 Rxg4 51. Kxb5 h5 52. Rh3 h4 53. Ka6 Rg3 54. Rxh4 Rxc3 55. b5 Rxa3 56. b6 Rb3 57. Rxa4 Ke6 58. Ra5 Kd6 59. Rg5 Kc6 60. Rg6+ Kc5 61. Ka7 1-0

[Event "RUS-Cup01"]
[Site "Tomsk"]
[Date "2003.07.06"]
[Round "3"]
[White "Lavrov, S."]
[Black "Keosidi, Konstantin"]
[Result "1/2-1/2"]
[WhiteElo "2414"]
[BlackElo "2219"]
[PlyCount "106"]
[EventDate "2003.07.04"]
[EventType "swiss"]
[EventRounds "9"]
[EventCountry "RUS"]
[SourceTitle "CBM 095 Extra"]
[Source "ChessBase"]
[SourceDate "2003.09.04"]
[SourceVersion "1"]
[SourceVersionDate "2003.09.04"]
[SourceQuality "1"]

1. d4 d5 2. c4 c6 3. Nf3 Nf6 4. Nc3 e6 5. Bg5 dxc4 6. e4 b5 7. e5 h6 8. Bh4 g5 9. Nxg5 hxg5 10. Bxg5 Nbd7 11. g3 Bb7 12. Bg2 Qb6 13. exf6 0-0-0 14. 0-0 c5 15. d5 b4 16. Na4 Qb5 17. a3 exd5 18. axb4 cxb4 19. Be3 Nc5 20. Qg4+ Rd7 21. Qg7 Bxg7 22. fxg7 Rg8 23. Nxc5 Rc7 24. Nxb7 Rxb7 25. Rfd1 Rd7 26. Bd4 a5 27. h4 f5 28. h5 Qa6 29. Ra4 Rgxg7 30. Rda1 Rg4 31. Bc5 Rc7 32. Rxa5 Qe6 33. Bxb4 Rxg3 34. fxg3 Qb6+ 35. Kh2 Qxb4 36. Rxd5 Re7 37. Ra8+ Kc7 38. Rdd8 Qe1 39. Rac8+ Kb6 40. Rc6+ Ka7 41. Rf6 Re6 42. Rd7+ Kb6 43. Rxf5 Re5 44. Rd6+ Kc7 45. Rc6+ Kd7 46. Rxe5 Qxe5 47. Rxc4 Qxh5+ 48. Rh4 Qe2 49. b4 Kc7 50. Rh6 Qd2 51. Rc6+ Kb8 52. Rc4 Qe2 53. Rh4 Kc7 1/2-1/2

[Event "RUS-Cup03"]
[Site "Tomsk"]
[Date "2002.07.15"]
[Round "8"]
[White "Lavrov, S."]
[Black "Maletin, Pavel"]
[Result "0-1"]
[WhiteElo "2420"]
[BlackElo "2344"]
[PlyCount "96"]
[EventDate "2002.07.08"]
[EventType "swiss"]
[EventRounds "9"]
[EventCountry "RUS"]
[SourceTitle "CBM 089 Extra"]
[Source "ChessBase"]
[SourceDate "2002.09.10"]
[SourceVersion "2"]
[SourceVersionDate "2002.09.10"]
[SourceQuality "1"]

1. e4 c5 2. f4 d5 3. exd5 Nf6 4. Bb5+ Bd7 5. Bxd7+ Qxd7 6. Nf3 Nxd5 7. Ne5 Qd6 8. 0-0 Nc6 9. Na3 Nxe5 10. fxe5 Qxe5 11. Qf3 0-0-0 12. Qxf7 e6 13. Nc4 Qd4+ 14. Ne3 Qe5 15. d4 cxd4 16. Nc4 Qe2 17. Bg5 Nf6 18. Bxf6 gxf6 19. b3 Bc5 20. Rae1 d3+ 21. Kh1 Rd7 22. Rxe2 dxe2 23. Qxd7+ Kxd7 24. Re1 b5 25. Nb2 Bd4 26. Nd3 e5 27. Rxe2 Ke6 28. g3 Rc8 29. Kg2 f5 30. h3 Kd5 31. Rd2 a5 32. Nc1 Ke4 33. Re2+ Kd5 34. Rd2 Ke4 35. Re2+ Kd5 36. Rd2 Ke6 37. Nd3 Rg8 38. Re2 b4 39. Ne1 Bc3 40. Nf3 h5 41. Kf2 Rd8 42. Ng5+ Kf6 43. h4 Rd1 44. Kg2 Ra1 45. Rf2 Bd4 46. Rd2 Rxa2 47. Kf3 a4 48. bxa4 b3 0-1

[Event "RUS-Cup03"]
[Site "Tomsk"]
[Date "2002.07.10"]
[Round "3"]
[White "Lavrov, S."]
[Black "Smirnov, Pavel"]
[Result "0-1"]
[WhiteElo "2420"]
[BlackElo "2539"]
[PlyCount "78"]
[EventDate "2002.07.08"]
[EventType "swiss"]
[EventRounds "9"]
[EventCountry "RUS"]
[SourceTitle "CBM 089 Extra"]
[Source "ChessBase"]
[SourceDate "2002.09.10"]
[SourceVersion "2"]
[SourceVersionDate "2002.09.10"]
[SourceQuality "1"]

1. d4 d5 2. c4 c6 3. Nf3 Nf6 4. e3 a6 5. a4 Bf5 6. Nc3 e6 7. Qb3 Qc7 8. Nh4 Be4 9. f3 Bg6 10. g3 Nbd7 11. Bd2 Be7 12. Rc1 Rc8 13. Kf2 0-0 14. Nxg6 hxg6 15. cxd5 exd5 16. Bh3 a5 17. Rhe1 Bb4 18. Kg2 Rce8 19. Rcd1 g5 20. Qc2 g6 21. Kg1 Qb6 22. Kh1 g4 23. fxg4 Bxc3 24. bxc3 Ne4 25. Rf1 Kg7 26. Bg2 Ndf6 27. Rf4 Nd6 28. Rxf6 Kxf6 29. e4 Nxe4 30. Bh6 Rh8 31. g5+ Ke7 32. Bxe4 dxe4 33. Bg7 Rhg8 34. Qxe4+ Kd8 35. Be5 Qb3 36. Rb1 Qc4 37. Kg2 Kc8 38. Qf3 Rxe5 39. dxe5 Qa2+ 0-1

[Event "RUS-chT 08th Group1"]
[Site "Tomsk"]
[Date "2001.05.16"]
[Round "4"]
[White "Lavrov, S."]
[Black "Tseshkovsky, Vitaly"]
[Result "1/2-1/2"]
[WhiteElo "2438"]
[BlackElo "2555"]
[PlyCount "73"]
[EventDate "2001.05.13"]
[EventType "team-tourn"]
[EventRounds "5"]
[EventCountry "RUS"]
[SourceTitle "EXT 2020"]
[Source "ChessBase"]
[SourceDate "2019.10.17"]
[SourceVersion "1"]
[SourceVersionDate "2019.10.17"]
[SourceQuality "1"]
[WhiteTeam "Novokuznetsk"]
[BlackTeam "Maykop Universitet"]
[WhiteTeamCountry "RUS"]
[BlackTeamCountry "RUS"]

1. d4 d6 2. Nf3 g6 3. c4 Nf6 4. Nc3 Bf5 5. Nh4 Bd7 6. e4 e5 7. Nf3 exd4 8. Nxd4 Bg7 9. Be2 0-0 10. 0-0 Nc6 11. Be3 Re8 12. f3 Nh5 13. Qd2 Nxd4 14. Bxd4 Nf4 15. Rfd1 Bxd4+ 16. Qxd4 f5 17. Bf1 Ne6 18. Qd2 fxe4 19. Nxe4 Bc6 20. Re1 Qe7 21. Nc3 Qg7 22. Rad1 a5 23. Nd5 Nc5 24. Rxe8+ Rxe8 25. Qxa5 Bxd5 26. Rxd5 Qxb2 27. Qxc7 Ne4 28. fxe4 Rf8 29. h3 Qf2+ 30. Kh2 Qf4+ 31. g3 Qxf1 32. Rd2 Rf2+ 33. Rxf2 Qxf2+ 34. Kh1 Qe1+ 35. Kh2 Qd2+ 36. Kh1 Qe1+ 37. Kh2 1/2-1/2

[Event "RUS-chT 08th Group1"]
[Site "Tomsk"]
[Date "2001.05.14"]
[Round "2"]
[White "Lavrov, S."]
[Black "Rustemov, Alexander"]
[Result "1/2-1/2"]
[WhiteElo "2438"]
[BlackElo "2625"]
[PlyCount "120"]
[EventDate "2001.05.13"]
[EventType "team-tourn"]
[EventRounds "5"]
[EventCountry "RUS"]
[SourceTitle "EXT 2020"]
[Source "ChessBase"]
[SourceDate "2019.10.17"]
[SourceVersion "1"]
[SourceVersionDate "2019.10.17"]
[SourceQuality "1"]
[WhiteTeam "Novokuznetsk"]
[BlackTeam "Norilsk Norilsky Nikel"]
[WhiteTeamCountry "RUS"]
[BlackTeamCountry "RUS"]

1. d4 d5 2. c4 c6 3. Nf3 Nf6 4. Nc3 a6 5. a4 e6 6. Bg5 Be7 7. e3 Nbd7 8. Bd3 0-0 9. 0-0 h6 10. Bh4 b6 11. Qe2 Bb7 12. Rfd1 a5 13. Rac1 Nh5 14. Bxe7 Qxe7 15. Ne5 Nhf6 16. e4 dxe4 17. Nxd7 Nxd7 18. Bxe4 Rfd8 19. Bf3 Rac8 20. b3 Qb4 21. Ne4 Rb8 22. c5 Ba8 23. Qe3 Nf8 24. h3 Ng6 25. Rc4 Qa3 26. cxb6 Rxb6 27. Nc5 Rb4 28. Rdc1 Ne7 29. Qc3 Rxc4 30. Qxc4 Rxd4 31. Qxd4 Qxc1+ 32. Kh2 Nd5 33. g3 e5 34. Nd3 exd4 35. Nxc1 Nc7 36. Nd3 f6 37. Nb2 Kf7 38. Nc4 c5 39. Bxa8 Nxa8 40. Kg2 Ke6 41. Kf3 Kd5 42. Ke2 h5 43. Kd3 Nc7 44. Nxa5 Na6 45. Nc4 Nb4+ 46. Ke2 g5 47. Nb2 Nc6 48. Nc4 Nb4 49. h4 gxh4 50. gxh4 Ke4 51. Nb6 Na6 52. Nd7 Kf5 53. Kd3 Kg4 54. Nxf6+ Kxh4 55. f4 Kg3 56. Nxh5+ Kg4 57. Nf6+ Kxf4 58. Nd7 Kf5 59. a5 Ke6 60. Nb6 Kd6 1/2-1/2

[Event "RUS-ch Schools"]
[Site "Novokuznetsk"]
[Date "2001.??.??"]
[Round "7"]
[White "Lavrov, S."]
[Black "Maltsev, Viktor"]
[Result "1-0"]
[WhiteElo "2415"]
[BlackElo "2098"]
[PlyCount "117"]
[EventDate "2001.10.??"]
[EventType "swiss"]
[EventRounds "9"]
[EventCountry "RUS"]
[SourceTitle "CBM 085 Extra"]
[Source "ChessBase"]
[SourceDate "2002.01.21"]
[SourceVersion "1"]
[SourceVersionDate "2002.01.21"]
[SourceQuality "1"]

1. Nf3 Nf6 2. g3 g6 3. Bg2 Bg7 4. 0-0 0-0 5. d4 d6 6. c4 Nc6 7. Nc3 a6 8. b3 Rb8 9. Nd5 Nd7 10. Bb2 e6 11. Nf4 e5 12. dxe5 Ncxe5 13. Qc2 Nc5 14. Nxe5 dxe5 15. Rad1 Bd7 16. Ba3 b6 17. Nd3 Qe7 18. Nxc5 bxc5 19. Qd2 Rfd8 20. Qa5 Bf8 21. Qxc7 Bg4 22. Qxe7 Bxe7 23. Rd5 Be6 24. Rxe5 Rd2 25. Bxc5 Bxc5 26. Rxc5 Rxa2 27. Rb1 Rc2 28. Bd5 Bxd5 29. Rxd5 Rxc4 30. bxc4 Rxb1+ 31. Kg2 Rc1 32. Rc5 a5 33. Rxa5 Rxc4 34. Kf3 h5 35. e4 Rc3+ 36. Kf4 Rc2 37. Ke3 Rc3+ 38. Kd2 Rb3 39. Rd5 h4 40. Rd3 Rb2+ 41. Ke3 hxg3 42. hxg3 Kg7 43. e5 Rb4 44. Rd4 Rb1 45. Kf4 Kf8 46. Kg5 Ke7 47. f4 Rg1 48. g4 Rg2 49. Ra4 Rg1 50. Ra7+ Ke6 51. Ra6+ Ke7 52. Rf6 Rg2 53. Kh6 Kf8 54. e6 Rxg4 55. Rxf7+ Ke8 56. Kg7 Rg1 57. Kf6 Rg4 58. f5 gxf5 59. Ra7 1-0

[Event "Moscow IM2"]
[Site "Moscow"]
[Date "1996.??.??"]
[Round "?"]
[White "Sazonov, Anatolij"]
[Black "Lavrov, S."]
[Result "0-1"]
[WhiteElo "2220"]
[BlackElo "2320"]
[PlyCount "152"]
[EventDate "1996.??.??"]
[EventType "tourn"]
[EventRounds "11"]
[EventCountry "RUS"]
[EventCategory "3"]
[SourceTitle "EXT 2000"]
[Source "ChessBase"]
[SourceDate "1999.11.16"]
[SourceVersion "1"]
[SourceVersionDate "1999.11.16"]
[SourceQuality "1"]

1. d4 c5 2. e3 Nf6 3. Nf3 e6 4. c4 cxd4 5. exd4 b6 6. Nc3 Bb7 7. Bg5 Be7 8. Be2 0-0 9. 0-0 d5 10. cxd5 Nxd5 11. Bxe7 Qxe7 12. Qd2 Nd7 13. Rfe1 Rfd8 14. Rad1 Rac8 15. a3 Nxc3 16. bxc3 Qxa3 17. Ra1 Qxc3 18. Qxc3 Rxc3 19. Rxa7 Bd5 20. h3 h6 21. Rb1 Rc2 22. Bb5 Bxf3 23. Bxd7 Bc6 24. Bxc6 Rxc6 25. Rb7 Rxd4 26. R7xb6 Rxb6 27. Rxb6 h5 28. Kf1 h4 29. Rb5 Kh7 30. Ke2 f6 31. Rb6 e5 32. Rb5 Ra4 33. Rb2 Kg6 34. Rb1 Kf5 35. Rc1 Kf4 36. Kf1 Ke4 37. Re1+ Kd5 38. Rb1 Ke4 39. Re1+ Kf4 40. Rb1 g5 41. Kg1 Ra2 42. Re1 Rd2 43. Ra1 Ke4 44. Kf1 Rc2 45. Re1+ Kd3 46. Re3+ Kd4 47. Rf3 Rc6 48. Ra3 e4 49. Ra8 Rc1+ 50. Ke2 Ke5 51. Ra3 Rg1 52. g3 hxg3 53. fxg3 Rg2+ 54. Kf1 Rh2 55. Ra5+ Ke6 56. Ra6+ Kf5 57. Ra5+ Kg6 58. Ra4 f5 59. Ra6+ Kh5 60. Rf6 Rxh3 61. Rxf5 Rxg3 62. Re5 Rf3+ 63. Ke2 Rf4 64. Ke3 Kg4 65. Ra5 Rf5 66. Ra1 Re5 67. Rg1+ Kh3 68. Rh1+ Kg2 69. Rh5 Kg3 70. Rh1 g4 71. Rg1+ Kh3 72. Kf4 Re8 73. Rg3+ Kh2 74. Rxg4 e3 75. Rh4+ Kg2 76. Rg4+ Kf2 0-1